000 00272nam a2200097Ia 4500
001 647658
005 20250826153706.0
008 250824s9999 xx 000 0 und d
245 0 _aSEVGİ NEREDEYSE TANRI ORDADIR ANTİK YENİ
_cTOLSTOY
260 _bANTİK DÜNYA KLASİKLERİ
999 _c647658
_d647658